000 03129nam a22003857a 4500
005 20100504112826.0
008 100504t xxu||||| |||| 00| 0 eng d
010 _aB-422020-031
020 _a023063995x
_c290.00
020 _a9780230639959
_c290.00
035 _aB-422020-031
037 _bPUB/Macmillan
040 _aDPL
082 _a909.82
100 _aMahajan, Sneh
_924086
245 _aIssues in twentieth-century world history /
_cby Sneh Mahajan
260 _aNew Delhi
_bMacmillan India Ltd.
_c2010
270 _a2/10, Ansari Road, Daryaganj,
_bNew Delhi
_e110092
300 _axviii, 365p.:
_c26 cm. (Pbk)
_eillu.
500 _aincludes index
942 _2ddc
_cEN
_mMAH
_h909.82
999 _c35636
_d35636